000
00283nam a2200109Ia 4500
008
200302s9999 xx 000 0 und d
100
_a
Vivien Frank
245
_a
Picture Framing A Step By Step Practical Guide
260
_b
Quintet Publishing Ltd.
260
_c
1990
300
_a
128 P.,
999
_c
1320
_d
1320